| 000 | 00681nam a2200229Ia 4500 | ||
|---|---|---|---|
| 003 | OSt | ||
| 005 | 20221007072956.0 | ||
| 006 | a|||||r|||| 00| 0 | ||
| 007 | ta | ||
| 008 | 221006b |||||||| |||| 00| 0 eng d | ||
| 024 | _a25,534 | ||
| 037 | _cTextual | ||
| 040 |
_aFLL _cFLL _beng |
||
| 041 |
_2eng _aeng |
||
| 082 | _aV73:19041:N5, K9 | ||
| 100 |
_aHolbo Paul S. _9691703 |
||
| 245 | 0 |
_aUnited states policies toward china _b from the unequal treaties to the cultural revolution |
|
| 260 |
_aLondon _bThe Macmillian Company UK _c1969 |
||
| 300 |
_a107p _ccm. |
||
| 942 |
_hV73:19041:N5, K9 _cTEXL _2CC |
||
| 999 |
_c1147390 _d1147390 |
||